000
00313nam a22001457a 4500
008
221005b ||||| |||| 00| 0 eng d
020
_a
9781259360152
041
_a
eng
080
_a
611
082
_a
611 SAL
100
_a
10.2
101
_a
ANA
245
_a
ANATOMY PHYSIOLOGY
_c
SALADIN K
942
_2
udc
_c
BK
999
_c
58362
_d
58362